Le nouveau régime des pensions complémentaires (Registro nro. 158746)

Detalles MARC
000 -LEADER
fixed length control field 01109ny a22002413n 4500
008 - FIXED-LENGTH DATA ELEMENTS--GENERAL INFORMATION
fixed length control field 090127s2005 be a sb 000 0 fre c
020 ## - INTERNATIONAL STANDARD BOOK NUMBER
International Standard Book Number 2930287519
035 ## -
-- 2460
040 ## - CATALOGING SOURCE
Original cataloging agency UMA.RE
Modifying agency vLex
080 ## -
-- 331.25(493)(0.034):349.2
080 ## -
-- 349.2:331.25(493)(0.034)
090 ## -
-- 210
-- 210
100 1# - MAIN ENTRY--PERSONAL NAME
Personal name Castiaux, Delphine
245 13 - TITLE STATEMENT
Title Le nouveau régime des pensions complémentaires
Medium [Recurso electrónico]
Remainder of title aspects sociaux et fiscaux /
Statement of responsibility, etc Delphine Castiaux, Marie-Pierre Donéa
256 ## -
-- Servicio en línea
260 ## - PUBLICATION, DISTRIBUTION, ETC. (IMPRINT)
Place of publication, distribution, etc Liège :
Name of publisher, distributor, etc Edipro,
Date of publication, distribution, etc 2005
506 1# - RESTRICTIONS ON ACCESS NOTE
Terms governing access Contenido solo disponible en los productos indicados
Authorized users vLex Global
-- vLex Global (Academic Edition, excluding Law Schools)
-- vLex Global (U.S. Academic Edition, Law Schools)
-- vLex Global (U.S. Academic Edition, excluding Law Schools)
-- vLex Global (Academic Edition, Law Schools)
700 1# - ADDED ENTRY--PERSONAL NAME
Personal name Donéa, Marie-Pierre
740 0# -
-- vLex Libros (Servicios en línea)
856 40 - LOCALIZACIÓN Y ACCESO ELECTRÓNICO
Identificador Uniforme del Recurso (URI/URL) https://app.vlex.com/#/sources/nouveau-regime-pensions-complementaires-aspects-sociaux-fiscaux-2460
942 ## -
-- RAA
999 ## -
-- 158746
-- 158746

No hay ítems disponibles.


CONTACTO


NOSOTROS


SITIOS DE INTERES

coordinacion.biblioteca.biblioteca@unienlinea.mx Misión, Visión y Objetivos Bases de datos
Directorio Bibliotecas Digitales y Repositorios
Normatividad Revistas y artículos
Convenios interbibliotecarios
Boletines



Hecho en México. Universidad Insurgentes (UIN). Todos los derechos reservados 2024. Esta página y sus contenidos pueden ser reproducidos con fines no lucrativos, siempre y cuando no se mutile, se cite la fuente completa y su dirección electrónicas. De otra forma requiere permiso previo por escrito de la institución




2024 Copyright Universidad Insurgentes | www.bibliouin.com.mx